| 000 | 02360nam a2200445 c 4500 | ||
|---|---|---|---|
| 003 | BLK | ||
| 005 | 20240108095922.0 | ||
| 008 | 180409b bul|||||r ||||||| ||bul|| | ||
| 010 | _aKNG00113278000 | ||
| 020 | _a954-474-228-Х | ||
| 040 | _aBLK | ||
| 041 |
_aBUL _cBUL |
||
| 072 | 7 |
_2bullib _aЛ03 _xСебепознание. Мисловни техники. Психология. Парапсихология |
|
| 080 |
_aМислене. Представа - Абстракция. Подбор. Сравнение. Размисъл. Преценка. Мнение. Умозаключение. Индукция. Дедукция. Евристика. Мислене и говорене. Рефлексия (психол.) _b159.955 _z159.955 |
||
| 080 |
_aВъображение. Фантазия. Форми и граници на въображението. Творчество _b159.954 _z159.954 |
||
| 100 | 1 |
_aДе Боно, Едуард _eпърви автор _9270403 |
|
| 139 |
_aДе Боно, Едуард _bД 31 |
||
| 245 | 1 | 0 |
_aПрактическото мислене _b4 начина да бъдем прави, 5 начина да грешим, 5 начина да разбираме _cЕдуард Де Боно; прев. от англ. Жанета Тенева Шинкова; предг. от Боянка Корнажева. |
| 257 | _aMLT | ||
| 260 |
_aСофия _bКибеа _c1999 _fСофия : Балкан прес |
||
| 300 |
_a199 с. _bс ил. _c20 см |
||
| 380 | _a1 | ||
| 490 | _aСерия Познай себе си | ||
| 500 | _aОриг. загл. Practical thinking / Edward de Bono. - Съдържа и За автора ; За книгата | ||
| 650 | 4 |
_aМислене - психология _9251239 |
|
| 650 | 4 |
_aВъображение _9151534 |
|
| 650 | 4 |
_aТворчество - психология _9259876 |
|
| 653 | _aмислене | ||
| 653 | _aпсихология на личността | ||
| 659 | _aЛ | ||
| 700 | 1 |
_aШинкова, Жанета Тенева _eпрев. от англ. _9143460 |
|
| 700 | 1 |
_aКорнажева, Боянка _eпредг. от _9311123 |
|
| 852 | _aЦб 219701 | ||
| 856 | 4 | _qpdf | |
| 856 | 4 | _qpdf | |
| 942 |
_cKNG _n0 _05 |
||
| 944 |
_aCR _c28.05.2004 _k30530 _lМинев Младен |
||
| 944 |
_aED _c15.11.2011 |
||
| 999 |
_c107981 _d107981 |
||
| 999 | _d107981 | ||